| Tag |
First Indicator |
Second Indicator |
Subfields |
| LEADER |
00000cam a2200000 a 4500 |
| 001 |
in00000017776 |
| 005 |
20220103134631.0 |
| 007 |
cr unu a |
| 008 |
880628s1986 xx a b 00010 eng d |
| 035 |
|
|
|9 AAB1893AM
|
| 035 |
|
|
|a (OCoLC)18146720
|
| 040 |
|
|
|a TXA
|c TXA
|d UtOrBLW
|
| 049 |
|
|
|a TXAZ [Also in] [Archives]
|c 1 [A10790125], 2 [A10790175]
|
| 099 |
|
|
|a 1986
|a Thesis
|a Z39
|
| 100 |
1 |
|
|a Zdenek, David James,
|d 1951-
|
| 245 |
1 |
0 |
|a Differences in radar derived rainfall amounts due to sampling intervals /
|c by David James Zdenek.
|
| 264 |
|
1 |
|a [Place of publication not identified] :
|b [publisher not identified] ;
|c 1986.
|
| 300 |
|
|
|a ix, 49 leaves :
|b illustrations ;
|c 29 cm.
|
| 336 |
|
|
|a text
|b txt
|2 rdacontent
|
| 337 |
|
|
|a computer
|b c
|2 rdamedia
|
| 338 |
|
|
|a online resource
|b cr
|2 rdacarrier
|
| 500 |
|
|
|a "Major subject: Meteorology."
|
| 500 |
|
|
|a Typescript (photocopy).
|
| 500 |
|
|
|a Vita.
|
| 502 |
|
|
|b M.S.
|c Texas A&M University
|d 1986.
|
| 504 |
|
|
|a Bibliography: leaf 48.
|
| 530 |
|
|
|a Also available online.
|
| 650 |
|
0 |
|a Precipitation (Meteorology)
|x Measurement.
|
| 650 |
|
0 |
|a Radar meteorology.
|
| 650 |
|
4 |
|a Major meteorology.
|
| 856 |
4 |
1 |
|u https://hdl.handle.net/1969.1/ETD-TAMU-1986-THESIS-Z39
|z Link to OAKTrust copy
|t 0
|
| 999 |
|
|
|a MARS
|
| 999 |
f |
f |
|s ff1fbfca-2488-381a-91e5-c570c9e735ba
|i 3d1a1c32-1bbe-3798-8bd9-e7ab9522b223
|t 0
|
| 952 |
f |
f |
|p noncirc
|a Texas A&M University
|b J.J. Pickle Campus
|c High Density Repository
|s HDR
|d Remote Storage
|t 0
|e 1986 Thesis Z39
|h Other scheme
|i computer -- online resource
|m A14839620981
|
| 952 |
f |
f |
|a Texas A&M University
|b College Station
|c Electronic Resources
|s www_evans
|d Available Online
|t 0
|e 1986 Thesis Z39
|h Other scheme
|
| 998 |
f |
f |
|a 1986 Thesis Z39
|t 0
|l Available Online
|
| 998 |
f |
f |
|a 1986 Thesis Z39
|t 0
|l Remote Storage
|